000 00298nam a22001217a 4500
020 _a9788184873344
082 _a664.02
_bCHA/FU
100 _aChakraborty,Subir.K
_9362
245 _aFundamantal Food Engineering
260 _aNew Delhi
_bNarosa Publishing House
_c2014
300 _a268
942 _cBK
999 _c14271
_d14271